Gaming Quiz

Random Gaming or World Quiz
Score 0/33 Timer 10:00
0 Plays Today
% Correct
MP-40
84%
Thompson
80.9%
Springfield
77.1%
M1897 Trench Gun
75.9%
Colt M1911
74.3%
Frag
72%
Kar98k
71.2%
Double-Barreled Shotgun
70.8%
PPSh-41
70.5%
MG-42
65.9%
Browning M1919
65.8%
Smoke
65.6%
M1 Garand
64.6%
Type 100
62.8%
Mosin-Nagent
60.2%
Type 99
58.6%
STG-44
57.9%
% Correct
BAR
55.2%
.357 Magnum
54.4%
PTRS-41
54.3%
M1A1 Carbine
53.8%
No 74 ST
47.9%
Nambu
46.2%
SVT-40
44.9%
FG-42
44.3%
Molotov Cocktail
42.3%
Gewehr 43
41.8%
Walther P38
40.5%
Tokarev TT-33
33.2%
DP-28
32.7%
Tabun Gas
32%
Ariska
29.4%
Signal Flare
24.1%

You're not logged in!

Compare scores with friends on all Sporcle quizzes.
OR
Log In

Sporcle TV

Today on Sporcle TV


Watch our educational content, quiz creation guides, and fun videos on Sporcle TV.

Show Comments

Extras

Top Quizzes Today


Score Distribution

Paid Content

Your Account Isn't Verified!

In order to create a playlist on Sporcle, you need to verify the email address you used during registration. Go to your Sporcle Settings to finish the process.

Report this User

Report this user for behavior that violates our Community Guidelines.

Details: